banner koha

Technological and nutritional aspects of dark chocolate with added coffee husk flour (Registro n. 338282)

MARC details
000 -LÍDER
fixed length control field 03934nab a2200445 4500
003 - CÓDIGO MARC DA AGÊNCIA CATALOGADORA
Campo de controle BR-BrBNA
005 - DATA E HORA DA ÚLTIMA ATUALIZAÇÃO
Campo de controle 20250919171400.0
008 - CAMPO DE TAMANHO FIXO
fixed length control field 250919b2024 bl.ar|pooa||| 00| 0 eng |
040 ## - FONTE DA CATALOGAÇÃO
Agência catalogadora BR-BrBNA
Idioma da catalogação por
072 ## - CATEGORIA AGRIS
Código AGRIS Q02 ; P01
Código do objeto 9917 ; 2110 ; 2120
100 ## - ENTRADA PRINCIPAL - NOME PESSOAL
Nome pessoal Borges, Marília Viana
100 ## - ENTRADA PRINCIPAL - NOME PESSOAL
Nome pessoal Leite, Cristina Xavier dos Santos
100 ## - ENTRADA PRINCIPAL - NOME PESSOAL
Nome pessoal Santos, Ingrid Alves
100 ## - ENTRADA PRINCIPAL - NOME PESSOAL
Nome pessoal Leão, Danilo Junqueira
100 ## - ENTRADA PRINCIPAL - NOME PESSOAL
Nome pessoal Ferrão, Sibelli Passini Barbosa
100 ## - ENTRADA PRINCIPAL - NOME PESSOAL
Nome pessoal Santos, Leandro Soares
100 ## - ENTRADA PRINCIPAL - NOME PESSOAL
Nome pessoal Lima, Amanda Beatriz Sales de
100 ## - ENTRADA PRINCIPAL - NOME PESSOAL
Nome pessoal Wobeto, Carmen
100 ## - ENTRADA PRINCIPAL - NOME PESSOAL
Nome pessoal Lannes, Suzana Caetano da Silva
100 ## - ENTRADA PRINCIPAL - NOME PESSOAL
Nome pessoal Silva, Marcondes Viana da
245 ## - TÍTULO PRINCIPAL
Título principal Technological and nutritional aspects of dark chocolate with added coffee husk flour
500 ## - NOTA GERAL
Nota geral Summaries (En, Pt); 36 ref.; 2 illus.; 3 tables
942 ## - ADDED ENTRY ELEMENTS (KOHA)
Koha item type Analítica
520 ## - NOTA DE RESUMO
Nota de conteúdo Abstract – The objective of this work was to produce dark chocolates with the addition of coffee husk flour (CHF) and to evaluate the generated effects on their physical, physicochemical, microbiological, textural, and rheological characteristics. Husks of the Pacamara coffee (Coffea arabica) variety,<br/>produced under organic management, were used. The samples were previously dried, ground, and sieved at 0.250 mm. Five chocolate formulations were previously standardized at 55% content of cocoa solids (mass and cocoa butter) and at 0.4% soy lecithin. The addition of CHF was tested at the concentrations of 0, 2.5, 5.0, 7.5, and 10%, using a completely randomized design and three replicates. The addition of CHF up to 10% alters the physicochemical, textural, and rheological properties of the chocolate formulations, but without compromising their composition and quality. The tested formulations only differed regarding hardness and cohesiveness, evaluated in the texture profile. The hardness of the chocolate formulations increases as CHF is added. Index terms: Coffea arabica, by-product, Casson model, color, rotational test, sustainability.
520 ## - NOTA DE RESUMO
Nota de conteúdo Resumo – O objetivo deste trabalho foi produzir chocolates amargos com adição de farinha de casca de café (CHF) e avaliar os efeitos gerados nas suas características físicas, físico-químicas, microbiológicas, de textura e reológicas. Foram utilizadas cascas da variedade de café (Coffea arabica)<br/>Pacamara, produzida com manejo orgânico. As amostras foram previamente secas, moídas e peneiradas a 0,250 mm. Cinco formulações de chocolates foram previamente padronizadas em 55% de teor de sólidos de cacau (massa e manteiga de cacau) e em 0,4% de lecitina de soja. A adição de CHF foi testada nas concentrações de 0, 2,5, 5,0, 7,5 e 10%, tendo-se utilizado delineamento inteiramente casualizado e três repetições. A adição de CHF até 10% altera as propriedades físico-químicas, de textura e reológicas das formulações de chocolate, mas sem comprometer sua composição e sua qualidade. As formulações testadas diferiram apenas quanto à dureza e à coesividade, avaliadas no perfil de textura. A dureza das formulações de chocolate aumenta à medida que a CHF é adicionada.<br/>Termos para indexação: Coffea arabica, subproduto, modelo Casson, cor, teste rotacional, sustentabilidade.
650 ## - ASSUNTO - THESAGRO
Cabeçalho tópico ou nome geográfico CHOCOLATE
650 ## - ASSUNTO - THESAGRO
Cabeçalho tópico ou nome geográfico CACAU
650 ## - ASSUNTO - THESAGRO
Cabeçalho tópico ou nome geográfico CASCA DE CAFÉ
650 ## - ASSUNTO - THESAGRO
Cabeçalho tópico ou nome geográfico COFFEA ARABICA
650 ## - ASSUNTO - THESAGRO
Cabeçalho tópico ou nome geográfico SUBPRODUTO
650 ## - ASSUNTO - THESAGRO
Cabeçalho tópico ou nome geográfico MISTURA
650 ## - ASSUNTO - THESAGRO
Cabeçalho tópico ou nome geográfico CARACTERÍSTICA FÍSICO-QUÍMICA
650 ## - ASSUNTO - THESAGRO
Cabeçalho tópico ou nome geográfico MICROBIOLOGIA DE ALIMENTO
650 ## - ASSUNTO - THESAGRO
Cabeçalho tópico ou nome geográfico TEXTURA DE ALIMENTO
650 ## - ASSUNTO - THESAGRO
Cabeçalho tópico ou nome geográfico VISCOSIDADE
650 ## - ASSUNTO - THESAGRO
Cabeçalho tópico ou nome geográfico SUSTENTABILIDADE
773 0# - ENTRADA ANALÍTICA
Host Biblionumber 920
Registro do item 357578
Imprenta Brasília-DF Empresa Brasileira de Pesquisa Agropecuária - EMBRAPA 1966-
Outro identificador 2025-5543
Título Pesquisa Agropecuária Brasileira (Brazil)
ISSN 0100-204X
Colação v. 59 p. 1-9; (2024)
Número de controle de registro BR2025002475
856 ## - ACESSO E ENDEREÇO ELETRÔNICO
Identificador uniforme de recurso - URI https://www.scielo.br/j/pab/a/ZTNN8NL6T5sMCDyRPd855SP/?format=pdf&lang=en

Nenhum exemplar disponível.

BINAGRI

Telefone: (61)3218-2567/2388/3357/2097 - binagri@agro.gov.br

Ministério da Agricultura e Pecuária , Esplanada dos Ministérios, Bloco D, Anexo B, Brasília/DF, CEP: 70.043-900